Traité élémentaire du jeu des échecs, avec cent parties des joueurs les plus célèbres, précédé de mélanges historiques, anecdotiques et littéraires / (Record no. 30319)

MARC details
000 -LEADER
campo de control de longitud fija 00598nam a2200169 i 4500
001 - NÚMERO DE CONTROL
campo de control 30319
003 - IDENTIFICADOR DE NÚMERO DE CONTROL
campo de control ES-MaACL
005 - FECHA Y HORA DE LA ÚLTIMA TRANSACCIÓN
campo de control 20230906154156.0
007 - CAMPO FIJO DE DESCRIPCIÓN FÍSICA--INFORMACIÓN GENERAL
campo de control de longitud fija t|
008 - DATOS DE LONGITUD FIJA--INFORMACIÓN GENERAL
campo de control de longitud fija 030124q18001899fr ||||1| fre d
100 1# - ENTRADA PRINCIPAL--NOMBRE DE PERSONA
Nombre de persona Basterot, Barthélemy de.
9 (RLIN) 26351
245 10 - MENCIÓN DEL TÍTULO
Título Traité élémentaire du jeu des échecs, avec cent parties des joueurs les plus célèbres, précédé de mélanges historiques, anecdotiques et littéraires /
Mención de responsabilidad, etc. par le Cte de Basterot.
260 ## - PUBLICACIÓN, DISTRIBUCIÓN, ETC.
Lugar de publicación, distribución, etc. París :
Nombre del editor, distribuidor, etc. [s.n.,
Fecha de publicación, distribución, etc. 18--?] (
Fabricante J.B. Gros)
300 ## - DESCRIPCIÓN FÍSICA
Extensión 372 p. ;
Dimensiones 17 cm.
650 04 - PUNTO DE ACCESO ADICIONAL DE MATERIA--TÉRMINO DE MATERIA
Término de materia o nombre geográfico como elemento de entrada Ajedrez.
9 (RLIN) 9707
852 ## - LOCALIZACIÓN
Ubicación ES-MaACL
Número de control de estantería D-1556
Holdings
Estatus retirado Estado de pérdida Estado de daño No para préstamo Biblioteca de origen Biblioteca actual Ubicación en estantería Fecha de adquisición Fuente de adquisición Total de préstamos Signatura topográfica completa Código de barras Visto por última vez Precio de reemplazo Tipo de ítem Koha
        Biblioteca del Ateneo de Madrid Biblioteca del Ateneo de Madrid Sala Valle Inclán 17/01/2008     D-1556 901031299 23/02/2023 23/02/2023 Libro impreso antiguo